Normal view
MARC view
- Hunt, G. W
Entry Personal Name
001 - CONTROL NUMBER
- control field: 42845
003 - CONTROL NUMBER IDENTIFIER
- control field: NUST
005 - DATE AND TIME OF LATEST TRANSACTION
- control field: 20210314132433.0
008 - FIXED-LENGTH DATA ELEMENTS
- fixed length control field: 210314|| aca||aabn | a|a d
040 ## - CATALOGING SOURCE
- Original cataloging agency: NUST
- Transcribing agency: NUST
100 ## - HEADING--PERSONAL NAME
- Personal name: Hunt, G. W
670 ## - SOURCE DATA FOUND
- Source citation: Work cat.: (NUST): Thompson, J. M. T. 42844, Elastic instability phenomena /, c1984.
